Library of the University of Algiers 3
Ibrahim Sultan Cheibout
شعار جامعة الجزائر 3
مكتبة جامعة الجزائر 3
إبراهيم سلطان شيبوط

خرائط التوزيعات البشرية ورسومها البيانية : (رقم التسجيلة. 45964)

تفاصيل مارك
000 -LEADER
fixed length control field 01501nam a2200217Ia 4500
003 - CONTROL NUMBER IDENTIFIER
control field Ost
005 - DATE AND TIME OF LATEST TRANSACTION
control field 20260507075724.0
008 - FIXED-LENGTH DATA ELEMENTS--GENERAL INFORMATION
fixed length control field 260507s9999||||xx |||||||||||||| ||und||
040 ## - CATALOGING SOURCE
Transcribing agency fsecg
041 ## - LANGUAGE CODE
Language code of text/sound track or separate title ara
082 ## - DEWEY DECIMAL CLASSIFICATION NUMBER
Classification number 526
100 ## - MAIN ENTRY--PERSONAL NAME
Personal name ابو راضي، فتحي عبد العزيز
Relator term مؤلف
245 #0 - TITLE STATEMENT
Title خرائط التوزيعات البشرية ورسومها البيانية :
Remainder of title دراسة تطبيقية لأساليب العرض الكارتوجرافي قواعد الرسم و مشاكل التنفيذ /
Statement of responsibility, etc. فتحي عبد العزيز ابو راضي
260 ## - PUBLICATION, DISTRIBUTION, ETC.
Place of publication, distribution, etc. الاسكندرية:
Name of publisher, distributor, etc. دار المعرفة الجامعية,
Date of publication, distribution, etc. 2002
300 ## - PHYSICAL DESCRIPTION
Extent 368 صفحة؛
Dimensions 24 سم
520 ## - SUMMARY, ETC.
Summary, etc. في هذا الكتاب خرائط توزيعات السكان غير الكمية ، خرائط توزيعات السكان الكمية ، الرسوم البيانية والأشكال التوضيحية للبيانات والإحصاءات السكانية ، خرائط العمران الكمية والغير كمية ، الرسوم البيانية والأشكال التوضيحية لبيانات العمران ، خرائط التوزيعات الإقتصادية غير الكمية والكمية ، الرسوم البيانية والأشكال التوضيحية للبيانات التوزيعات الاقتصادية
653 ## - INDEX TERM--UNCONTROLLED
Uncontrolled term الخرائط
653 ## - INDEX TERM--UNCONTROLLED
Uncontrolled term الخرائط الاحصائية
653 ## - INDEX TERM--UNCONTROLLED
Uncontrolled term تعداد السكان
942 ## - ADDED ENTRY ELEMENTS (KOHA)
Koha item type كتب
المقتنيات
Withdrawn status Lost status Source of classification or shelving scheme Damaged status Not for loan Home library Current library Date acquired Serial enumeration / chronology Inventory number Total checkouts Full call number Barcode Date last seen Price effective from Koha item type
    Library of Congress Classification   NOT LOAN / إعارة داخلية مكتبة كلية العلوم الإقتصادية والعلوم التجارية وعلوم التسيير مكتبة كلية العلوم الإقتصادية والعلوم التجارية وعلوم التسيير 07/05/2026 الطابق الأرضي 1102/1   أ/1102ن1 1102/1 07/05/2026 07/05/2026 كتب
    Dewey Decimal Classification   Available مكتبة كلية العلوم الإقتصادية والعلوم التجارية وعلوم التسيير مكتبة كلية العلوم الإقتصادية والعلوم التجارية وعلوم التسيير 07/05/2026 الطابق الأرضي 1102/2   أ/1102ن2 1102/2 07/05/2026 07/05/2026 كتب
    Dewey Decimal Classification   Available مكتبة كلية العلوم الإقتصادية والعلوم التجارية وعلوم التسيير مكتبة كلية العلوم الإقتصادية والعلوم التجارية وعلوم التسيير 07/05/2026 الطابق الأرضي 1102/3   أ/1102ن3 1102/3 07/05/2026 07/05/2026 كتب
    Dewey Decimal Classification   Available مكتبة كلية العلوم الإقتصادية والعلوم التجارية وعلوم التسيير مكتبة كلية العلوم الإقتصادية والعلوم التجارية وعلوم التسيير 07/05/2026 الطابق الثاني 1102/4   أ/1102ن4 1102/4 07/05/2026 07/05/2026 كتب

موارد الويب المفتوحة


© University of Algiers 3 All Rights Reserved
|
Implemented by LECHELAH Riad